| 000 | 00739nam a2200181Ia 4500 | ||
|---|---|---|---|
| 008 | 151202s9999||||xx |||||||||||||| ||und|| | ||
| 082 | _bPNVM-44352 | ||
| 100 | _aघाटपांडे महेश. | ||
| 245 | _aरेखा ओ रेखा-एक न संपणारा प्रवास. | ||
| 260 | _b"शिवानी प्रकाशन,मुंबई." | ||
| 260 | _c1999 | ||
| 300 | _a223 | ||
| 600 | _aघाटपांडे महेश. | ||
| 630 | _aरेखा ओ रेखा-एक न संपणारा प्रवास. | ||
| 700 | _aघाटपांडे महेश. | ||
| 730 | _aरेखा ओ रेखा-एक न संपणारा प्रवास. | ||
| 942 | _cBOOK | ||
| 999 |
_c1310304 _d1310301 |
||